01161cam a2200301Ii 4500020001500000020001800015040000800033082002600041245012100067246005400188246006400242300006200306490002700368500002700395650001800422650001600440650001400456650001700470650001100487710006100498710005300559710001200612710002600624710003100650942001000681999001700691952015100708 a9251305714 a9789251305713 cUBC a333 FAO 2018 A084 Or.04aThe state of food security and nutrition in the world :bbuilding climate resilience for food security and nutrition3 aState of food security and nutrition in the world30aBuilding climate resilience for food security and nutrition axv, 181 pages :bcolor illustrations, color maps ;c30 cm1 aThe state of the world aAt head of title: 2018 0aFood security 0aFood supply 0aNutrition 0aMalnutrition 0aHunger2 aFood and Agriculture Organization of the United Nations.2 aInternational Fund for Agricultural Development.2 aUNICEF.2 aWorld Food Programme.2 aWorld Health Organization. cAEDBB c21119d21119 0010406333_000000000000000_FAO_2018_A084_OR70992945aLBAbLBAcA084d2023-02-15o333 FAO 2018 A084 Or.pa071783r2023-02-15w2023-02-15yAEDBB